LEADER 01718nam a2200313 i 4500 001 000000090849 003 CaOOAMICUS 005 20210520125726.0 008 151222s1737 it u000 u ita u 013 $a63091 026 $ee-to 22ne i-ma neri (3) 1737 (R)$aPt. 1 026 $erehe rato a.si espa (3) 1737 (R)$aPt. 2 040 $aSeMil$bita 100 1 $aMarabotto, Cattaneo.$0(OLS)http://semarc/name/40656 245 10$aVita di santa Caterina Fiesca Adorna da Genoua succintamente descritta ... Col trattato del Purgatorio, e dialogo fra l'anima, ed il corpo composti dalla medesima santa. 260 $aIn Roma :$bNella Stamperia del Bernabò,$c1737. 300 $a2 pt. (XI, [1], 128; 139, [1] p.) ;$c4°. 500 $aLa pt. 2 inizia con proprio front. tipogr. 500 $aSegn.: a6 A-H8 A-G8 H10 I4 500 $aPer gli A., cfr. Catalogo palatino della BNC di Firenze 600 04$aCaterina : da Genova .$0(OLS)http://semarc/subject/52161 700 1 $aVernazza, Ettore.$0(OLS)http://semarc/name/40657 700 1 $aCaterina : da Genova .$0(OLS)http://semarc/name/40655 700 1 $aBernabò,$c.$0(OLS)http://semarc/name/12541 850 $aSeMil 852 $aSeMil$W1$xVenegono$y1$m3H III 76 FA$j53816$B53816$CSeMilBibl$Z2$F58450 $8I 996 $6245$aVita di santa Caterina Fiesca Adorna da Genoua succintamente descritta ... Col trattato del Purgatorio, e dialogo fra l'anima, ed il corpo composti dalla medesima santa$9(OLS)http://semarc/title/136891 996 $6260$aIn Roma :$bNella Stamperia del Bernabò$9(OLS)http://semarc/publisher/43697 LEADER 01516nam a2200301 i 4500 001 000000118284 003 CaOOAMICUS 005 20030925000000.0 008 030925s1987 sp u000 u spa u 013 $a90977 040 $aSeMil$bita 100 1 $aEfren : de la Madre di Dios .$0(OLS)http://semarc/name/10215 245 13$aEl monte y el castillo :$bla vida de la Gracia en Santa Teresa y San Juan de la Cruz /$cEfren de la Madre di Dios ; prólogo de M. Castellano y epílogo de V. Gonzales. 260 $aAvila :$bAsociación Educativa Signum Christi,$c1987. 300 $a698 p. :$bill., tabelle ;$c22 cm. 490 0 $aTau. Seccion general ;$v17 500 $aFondo Card. C.M. Martini. 650 4$aTeresa : d'Avila - Spiritualità.$0(OLS)http://semarc/subject/5228 650 4$aGiovanni : della Croce - Spiritualità.$0(OLS)http://semarc/subject/1198 700 1 $aGonzales, V.$0(OLS)http://semarc/name/49384 700 1 $aCastellano, M.$0(OLS)http://semarc/name/49383 830 0$aTau. Seccion general ;$v17.$0(OLS)http://semarc/title/13234 850 $aSeMil 852 $aSeMil$W1$xVenegono$y1$m2C IV 465$j73604$B73604$CSeMilBibl$Z2$F90237 $81 941 1 $a4 961 $aOmaggio: Martini Card. Carlo Maria 996 $6245$aEl monte y el castillo :$bla vida de la Gracia en Santa Teresa y San Juan de la Cruz$9(OLS)http://semarc/title/173753 996 $6260$aAvila :$bAsociación Educativa Signum Christi$9(OLS)http://semarc/publisher/32733